000 00637nam a22001457a 4500
020 _a978-81-85986-15-9
082 _a823
_bNAR/G
100 _aNARAYAN, R.K
245 _aGRANDMOTHER'S TALE
260 _aCHENNAI
_bINDIAN THOUGHT PUBLICATIONS
_c2016
300 _a97
520 _aTold by the narrator's grandmother, the tale recounts the adventures of her mother, married at seven and then abandoned, who crosses the subcontinent to extract her husband from the hands of his new wife. Her courage is immense and her will implacable -- but once her mission is completed, her independence vanishes.
650 _aNOVEL
_zINDIA
942 _cBK
999 _c3590
_d3590